000 00610nam a22001697a 4500
008 220928b |||||||| |||| 00| 0 eng d
020 _a0310232295
050 _aPA851
_b.W35 200
100 _aWallace, Daniel B.
245 _aThe basics of New Testament syntax:
_ban imtermediate greek grammar: the abridgment of greek grammar beyond the basics/
_cDaniel B. Wallace
260 _aGrand Rapids, Michigan
_bZondervan Academic
_c2000
300 _a334p.
650 _aGreek language, Biblical
_vSyntax
650 _aGreek language, Biblical
_vGrammar
650 _aBible. N.T.-language
_vStyle
942 _2lcc
_cBK
999 _c19580
_d19579